000 00639nam a2200205Ii 4500
003 JO-AjNU
008 230606s9999||||xx |||||||||||||| ||und||
020 _a0-19-507147-6 / 0-19-507146-8
040 _aJO-AjNU
_beng
_erda
_cJO-AjNU
041 _aeng
050 1 4 _aBF713.H85.1991
100 3 _aUnited Nations Development Programme,
_eauthor
_92972
245 0 0 _aHuman Development Report 1991
264 3 1 _aNew York:United Nations Development Programme,1991
300 _a202p
336 _atext
_btxt
_2rdacontent
337 _aunmediated
_bn
_2rdamedia
338 _avolume
_bnc
_2rdacarrier
650 4 _aDevelopment psychology
_92973
999 _aE1557
_c1557
_d1557